|
|
|
|
| LEADER |
00000cam a2200000 4500 |
| 001 |
vtls011975803 |
| 003 |
SK-MaSNL |
| 005 |
20260426013505.0 |
| 008 |
210701s2019 xo ab frn 010 0 slo |
| 015 |
|
|
|a SNBA2020/07
|
| 020 |
|
|
|a 9788022348607
|q (brožované)
|
| 035 |
|
|
|a urn:nbn:sk:snk-am00fexa
|
| 035 |
|
|
|a urn:nbn:sk:snk-am3irc2
|
| 035 |
|
|
|a D44DC2C5-A9B3-4186-8195-2F548D20BEF2
|
| 040 |
|
|
|a SNK
|b slo
|c SNK
|e rda
|
| 041 |
0 |
|
|a slo
|
| 043 |
|
|
|a e-xo---
|a e-hu---
|a e-rm---
|
| 044 |
|
|
|a xo
|c SK
|
| 072 |
|
7 |
|a 329
|x Politické strany a hnutia
|2 konspekt
|
| 072 |
|
7 |
|a 324
|x Voľby, volebné kampane, referendá
|2 konspekt
|
| 080 |
|
|
|a 342.8
|2 2011
|
| 080 |
|
|
|a 324
|2 2011
|
| 080 |
|
|
|a 329.055.2
|2 2011
|
| 080 |
|
|
|a (437.6)
|2 2011
|
| 080 |
|
|
|a (439)
|2 2011
|
| 080 |
|
|
|a (498)
|2 2011
|
| 080 |
|
|
|a (048.8)
|2 2011
|
| 080 |
|
|
|a 329.1/.6
|2 2011
|
| 100 |
1 |
|
|a Mikuš, Roman
|4 aut
|9 719986
|
| 245 |
1 |
0 |
|a Demokraticky k autokracii?
|b politicko-geografická analýza volebnej podpory krajnej pravice na Slovensku, v Maďarsku a v Rumunsku
|c Roman Mikuš, Daniel Gurňák
|
| 246 |
3 |
4 |
|a Analýza volebnej podpory krajnej pravice na Slovensku, v Maďarsku a v Rumunsku
|
| 250 |
|
|
|a 1. vydanie
|
| 264 |
|
1 |
|a Bratislava
|b Univerzita Komenského v Bratislave
|c 2019
|
| 300 |
|
|
|a 199 strán
|b mapy, tabuľky
|c 25 cm
|
| 336 |
|
|
|a text
|b txt
|2 rdacontent
|
| 337 |
|
|
|a bez média
|b n
|2 rdamedia
|
| 338 |
|
|
|a zväzok
|b nc
|2 rdacarrier
|
| 366 |
|
|
|e 150 kusov
|
| 500 |
|
|
|a Obsahuje zoznam tabuliek na strane 115 ; zoznam obrázkov na strane 116-117 ; obsahuje zoznam použitých skratiek na strane 6-8
|
| 500 |
|
|
|a Obsahuje poznámky pod čiarou
|
| 504 |
|
|
|a Obsahuje bibliografiu na strane 104-112
|
| 650 |
0 |
7 |
|a volebné systémy
|2 SNKPH
|9 3588
|
| 650 |
0 |
7 |
|a volebná geografia
|2 SNKPH
|9 74964
|
| 650 |
0 |
7 |
|a voľby
|2 SNKPH
|9 1580
|
| 650 |
0 |
7 |
|a pravica
|2 SNKPH
|9 3593
|
| 650 |
0 |
7 |
|a Electoral systems
|2 SNKPHeng
|9 222554
|
| 650 |
0 |
7 |
|a Elections
|2 SNKPHeng
|9 313314
|
| 650 |
0 |
7 |
|a right (political science)
|2 SNKPHeng
|9 311369
|
| 650 |
0 |
7 |
|a Political parties
|2 SNKPHeng
|9 275558
|
| 650 |
0 |
7 |
|a politické strany
|2 SNKPH
|9 3589
|
| 651 |
|
7 |
|a Slovensko
|2 SNKPHgeo
|9 14231
|
| 651 |
|
7 |
|a Maďarsko
|2 SNKPHgeo
|9 16754
|
| 651 |
|
7 |
|a Rumunsko
|2 SNKPHgeo
|9 17409
|
| 651 |
|
7 |
|a Slovakia
|2 SNKPHeng
|9 92630
|
| 651 |
|
7 |
|a Hungary
|2 SNKPHeng
|9 265263
|
| 651 |
|
7 |
|a Romania
|2 SNKPHeng
|9 171770
|
| 655 |
|
7 |
|a monografie
|2 SNKPH
|9 70139
|
| 655 |
|
7 |
|a Monographs
|2 SNKPHeng
|9 120675
|
| 700 |
1 |
|
|a Gurňák, Daniel,
|d 1974-
|4 aut
|9 203303
|
| 710 |
2 |
|
|a Univerzita Komenského v Bratislave
|4 pbl
|9 221617
|
| 919 |
|
|
|a 978-80-223-4860-7
|
| 958 |
|
|
|a OND
|
| 958 |
|
|
|a NB
|
| 999 |
|
|
|c 1124841
|d 1126771
|
| 952 |
|
|
|a SNK
|b SNK
|y PREZ
|7 0
|p 17A1427390
|o snkSC 189091
|i snk2020/10985
|8 0
|0 0
|1 0
|4 0
|d 2020-06-22
|f 1
|l 0
|r 2025-10-06 00:00:00
|w 2026-02-24
|
| 952 |
|
|
|a SNK
|b SNK
|y VYP
|7 0
|p 17A1427391
|o snkSC 189091 D1
|i snk2020/10986
|8 0
|0 0
|1 0
|4 0
|d 2020-06-22
|l 0
|r 2026-02-24 18:43:01
|w 2026-02-24
|